| 000 | 00364nam a2200145Ia 4500 | ||
|---|---|---|---|
| 008 | 220217s9999||||xx |||||||||||||| ||und|| | ||
| 020 | _a0-07-463859-9 | ||
| 082 | _a621.381 GRO | ||
| 100 |
_aGrob, Bernard _93320 |
||
| 245 | 0 | _aBasic electronics | |
| 250 | _a8th | ||
| 260 |
_aTata mcgraw hill _bNew Delhi _c2002 |
||
| 300 | _b350 | ||
| 650 | _aELECTRONICS | ||
| 999 |
_c172132 _d172132 |
||